000 00558nam a2200181 i 4500
001 103861
003 ES-MaACL
005 20230906183447.0
007 t|
008 051118s1975 sp ||||1| spa d
100 1 _aMiege, Jean-Louis.
_980956
245 1 0 _aExpansión europea y descolonización de 1870 a nuestros días /
_cJean-Louis Miege; [traducción: Berta Juliá].
250 _a[1ª ed.].
260 _aBarcelona :
_bLabor,
_c1975.
300 _aXII, 364 p. ;
_c20 cm.
700 1 _aJulià, Berta.
_967219
852 _aES-MaACL
_jE-8379
_bR.92703
999 _c103861
_d103861